| 000 | 01459nam0a2200361 4500 | ||
|---|---|---|---|
| 001 | RU\NLR\bibl\1737152 | ||
| 005 | 20250616111603.0 | ||
| 010 |
_a978-5-94397-118-1 _9500 |
||
| 021 |
_aRU _b2011-1165 _982 |
||
| 035 | _a(nilc)RSL-KNO-004879233 | ||
| 035 | _a(NLR Aleph) 001728079 | ||
| 090 |
_a1382002 _c1382002 |
||
| 100 | _a20110201d2010 |||y0rusy50 ca | ||
| 101 | 0 | _arus | |
| 102 | _aRU | ||
| 105 | _ay ||||||||| | ||
| 200 | 1 |
_aБольшой словарь слов _e(кое-что из лингвистической тератологии) _e[Лингвистическая кунсткамера, или Речевые монстры под микроскопом] _fВ. С. Кудрин |
|
| 205 | _a[2-е изд., испр., пересмотр. и доп.] | ||
| 210 |
_aОренбург _cГазпромпечать _d2010 |
||
| 215 |
_a473, [1] с. _d21 |
||
| 300 | _aНа 4-й с. обл. авт.: Кудрин В.С., д.м.н. | ||
| 320 | _aБиблиогр.: с. 435-441 (71 назв.) | ||
| 606 | 1 |
_aРусский язык _jСправочники _xКультура речи _91542537 _3RU\NLR\auth\66973867 |
|
| 686 |
_aШ141.2-477 _2rubbk |
||
| 686 | _aШ141.12-72я2 | ||
| 700 | 1 |
_aКудрин _bВ. С. _gВадим Семенович _4070 |
|
| 801 | 0 |
_aRU _bRuMoRKP _c20110201 _grcr |
|
| 801 | 1 |
_aRU _bRuMoRGB _c20110201 |
|
| 801 | 2 |
_aRU _bNLR _c20110217 _grcr |
|
| 942 | _cBOOK | ||
| 980 | _aNB | ||